000 00379 a2200145 4500
005 20250627083048.0
020 _a9780256209563
082 _a657 LAR
245 _aFundamental Accounting Principles
250 _a8th Ed.
260 _aNew York
_bIRWIN
_c1996
300 _axx,1264p.:ill.pictures,tables
_bindex
_c25cm.
700 _aNELSON,M., ZIN,M & CARROLL,R.
942 _2ddc
_cBKS
999 _c5550
_d5550